000 00595nam a2200181 4500
001 125892
003 ES-MaACL
005 20250913154000.0
007 t|
008 070214s1952 sp r ||||1| spa d
100 1 _aRaymond
_cFather (O.C.S.O.)
_995636
245 1 0 _aDios baja al infierno del crimen /
_cRev. M. Raymond, O.C.S.O. ; versión española de Felipe Ximénez de Sandoval.
260 _aMadrid :
_bStudium,
_c1952.
300 _a252 p. ;
_c20 cm.
700 1 _aXiménez de Sandoval, Felipe,
_d1903-1978
_9117510
852 _aES-MaACL
_jD-9163
_bR.33352
999 _c125892
_d125892